000 00266nam a2200109Ia 4500
008 200302s9999 xx 000 0 und d
100 _aN. Jagadeesh
245 _aOur Bangalore A Journey Though Time
260 _bSapna Books House
260 _c1999
300 _a131 P.,
999 _c5448
_d5448